[Event "Bahn-ch Seniors"]
[Site "Winterberg"]
[Date "2004.09.28"]
[Round "3"]
[White "Thiele, Horst"]
[Black "Mueller, Joachim1111"]
[Result "0-1"]
[WhiteElo "1639"]
[BlackElo "1786"]
[PlyCount "72"]
[EventDate "2004.09.26"]
[EventType "swiss"]
[EventRounds "7"]
[EventCountry "GER"]
[SourceTitle "EXT 2013"]
[Source "ChessBase"]
[SourceDate "2012.11.22"]
[SourceVersion "1"]
[SourceVersionDate "2012.11.22"]
[SourceQuality "1"]

1. e4 c5 2. Nf3 d6 3. Nc3 Nc6 4. Bc4 e6 5. d4 cxd4 6. Nxd4 Nf6 7. Nf3 Be7 8. 0-0 0-0 9. h3 a6 10. a3 b5 11. Bd3 Bb7 12. Re1 Rc8 13. Ne2 Nd7 14. Nf4 Nce5 15. Bd2 Nxd3 16. cxd3 Nc5 17. Rc1 Qd7 18. b4 Na4 19. Qb3 Rxc1 20. Bxc1 Rc8 21. Bd2 Rc7 22. d4 Nb6 23. Bc1 Qc8 24. Nd3 h6 25. Qd1 Na4 26. Bd2 Rc2 27. d5 e5 28. Kf1 Qc4 29. Re3 Bd8 30. Kg1 Bb6 31. Nfxe5 dxe5 32. Rg3 Rxd2 33. Qxd2 Kh7 34. Nxe5 Qxe4 35. Nxf7 Bxd5 36. Qd1 Bxf7 0-1

[Event "Dresden Vdes op"]
[Site "Dresden"]
[Date "2000.01.28"]
[Round "5"]
[White "Walke, Guenter"]
[Black "Thiele, Horst"]
[Result "1/2-1/2"]
[WhiteElo "1858"]
[BlackElo "1750"]
[PlyCount "48"]
[EventDate "2000.01.26"]
[EventType "swiss"]
[EventRounds "7"]
[EventCountry "GER"]
[SourceTitle "EXT 2001"]
[Source "ChessBase"]
[SourceDate "2000.11.22"]
[SourceVersion "1"]
[SourceVersionDate "2000.11.22"]
[SourceQuality "1"]

1. d4 d5 2. e3 Nf6 3. Bd3 Nc6 4. c3 e5 5. dxe5 Nxe5 6. Bc2 Bc5 7. h3 Bd7 8. Nf3 Qe7 9. 0-0 0-0-0 10. Nbd2 Bb5 11. Re1 Nd3 12. Bxd3 Bxd3 13. b4 Bd6 14. Nb3 Be4 15. Nbd4 c5 16. bxc5 Bxc5 17. Qa4 Rd6 18. Ba3 Ra6 19. Bxc5 Qxc5 20. Qb4 Nd7 21. Rec1 h6 22. Ne5 Rf8 23. f3 Bh7 24. Nxd7 Qxb4 1/2-1/2

[Event "Gemuend op Seniors1"]
[Site "Gemuend"]
[Date "1999.10.25"]
[Round "2"]
[White "Thiele, Horst"]
[Black "Boettcher, Ulrich"]
[Result "1-0"]
[WhiteElo "1721"]
[BlackElo "2015"]
[PlyCount "39"]
[EventDate "1999.10.24"]
[EventType "swiss"]
[EventRounds "7"]
[EventCountry "GER"]
[SourceTitle "EXT 2003"]
[Source "ChessBase"]
[SourceDate "2002.11.25"]
[SourceVersion "1"]
[SourceVersionDate "2002.11.25"]
[SourceQuality "1"]

1. e4 g6 2. Nc3 Bg7 3. Bc4 Nc6 4. f4 e6 5. Nf3 Nge7 6. Bb3 Nd4 7. Nxd4 Bxd4 8. Ne2 Nc6 9. c3 Bg7 10. d3 0-0 11. 0-0 Ne7 12. Ng3 b5 13. f5 exf5 14. exf5 Nc6 15. Qf3 Be5 16. fxg6 Kh8 17. Bh6 Bg7 18. Bxg7+ Kxg7 19. Nf5+ Kh8 20. g7+ 1-0